000 00480nam a2200193Ia 4500
008 170918s9999 xx 000 0 und d
020 _a9780590414296
050 _bC689 1990
100 _aCole, Joanna
245 _aLost in the solar system /
245 _cJoanna Cole ; illustrated by Bruce Degen.
260 _aNew York :
260 _bScholastic,
260 _c1990
300 _a40 pages :
300 _bcolored illustration ;
300 _c21cm.
500 _a480
999 _c342510
_d342510